Brokers and boundaries (Record no. 351020)
[ view plain ]
| 000 -LEADER | |
|---|---|
| fixed length control field | 00699nam a2200133Ia 4500 |
| 008 - FIXED-LENGTH DATA ELEMENTS--GENERAL INFORMATION | |
| fixed length control field | 171212s9999 xx 000 0 und d |
| 020 ## - INTERNATIONAL STANDARD BOOK NUMBER | |
| International Standard Book Number | 9781760460112 |
| 245 ## - TITLE STATEMENT | |
| Statement of responsibility, etc | editor Shellam, Tiffany;Nugent, Maria;Konishi, Shino;Cadzow, Allison |
| Title | Brokers and boundaries |
| Remainder of title | Colonial exploration in Indigenous territory |
| 260 ## - PUBLICATION, DISTRIBUTION, ETC. (IMPRINT) | |
| Name of publisher, distributor, etc | ANU E Press |
| Date of publication, distribution, etc | 2016 |
| 440 ## - SERIES STATEMENT/ADDED ENTRY--TITLE | |
| Title | Aboriginal History Monographs |
| 650 ## - SUBJECT ADDED ENTRY--TOPICAL TERM | |
| Topical term or geographic name as entry element | First contact of aboriginal peoples with Westerners -- Australia; Aboriginal Australians -- Biography; Aboriginal Australians -- Social conditions; Discoveries in geography -- 19th century; Australia -- Discovery and exploration |
| 650 ## - SUBJECT ADDED ENTRY--TOPICAL TERM | |
| Topical term or geographic name as entry element | Sociology |
| 856 ## - ELECTRONIC LOCATION AND ACCESS | |
| Uniform Resource Identifier | <a href="http://jstor.org/stable/j.ctt1d10hn9">http://jstor.org/stable/j.ctt1d10hn9</a> |
| Withdrawn status | Lost status | Damaged status | Home library | Current library | Date acquired | Total Checkouts | Date last seen | Price effective from | Koha item type |
|---|---|---|---|---|---|---|---|---|---|
| College Library | College Library | 12/12/2017 | 12/12/2017 | 12/12/2017 | Curriculum - Based eBooks |